<?xml version="1.0" encoding="UTF-8"?>
<record
    xmlns:xsi="http://www.w3.org/2001/XMLSchema-instance"
    xsi:schemaLocation="http://www.loc.gov/MARC21/slim http://www.loc.gov/standards/marcxml/schema/MARC21slim.xsd"
    xmlns="http://www.loc.gov/MARC21/slim">

  <leader>02126nam a22002777a 4500</leader>
  <controlfield tag="005">2012050800420.0</controlfield>
  <datafield tag="010" ind1=" " ind2=" ">
    <subfield code="a">B-472428-31   B-483278</subfield>
  </datafield>
  <datafield tag="020" ind1=" " ind2=" ">
    <subfield code="a">130-00</subfield>
  </datafield>
  <datafield tag="035" ind1=" " ind2=" ">
    <subfield code="a">B-472428-31   B-483278</subfield>
  </datafield>
  <datafield tag="037" ind1=" " ind2=" ">
    <subfield code="b">BPPD</subfield>
  </datafield>
  <datafield tag="082" ind1=" " ind2=" ">
    <subfield code="a"> &#x6A9;</subfield>
  </datafield>
  <datafield tag="100" ind1=" " ind2=" ">
    <subfield code="a">&#x645;&#x648; &#x644;&#x641;&#x61B; &#x627;&#x67E;&#x648; &#x645;&#x633;&#x639;&#x648; &#x62F; &#x639;&#x67E;&#x62F; &#x627;&#x644;&#x62C;&#x67E;&#x627; &#x631; &#x633;&#x644;&#x641;&#x6CC;</subfield>
    <subfield code="9">52762</subfield>
  </datafield>
  <datafield tag="245" ind1=" " ind2=" ">
    <subfield code="a">&#x635;&#x627; &#x644;&#x62D;&#x64A;&#x646; &#x6A9;&#x631; &#x627; &#x645; &#x6A9;&#x6D2; &#x62F; &#x644;&#x686;&#x633;&#x67E; &#x627;&#x648;&#x631; &#x627; &#x64A;&#x645;&#x627; &#x646;  &#x627; &#x641;&#x631; &#x648; &#x630; &#x648;&#x627; &#x642;&#x639;&#x627; &#x62A;</subfield>
    <subfield code="c">&#x645;&#x648; &#x644;&#x641;&#x61B;&#x627;&#x67E;&#x648; &#x645;&#x633;&#x639;&#x648; &#x62F; &#x639;&#x67E;&#x62F; &#x627;&#x644;&#x62C;&#x67E;&#x627; &#x631; &#x633;&#x644;&#x641;&#x6CC;</subfield>
    <subfield code="h"> </subfield>
  </datafield>
  <datafield tag="246" ind1=" " ind2=" ">
    <subfield code="a">&#x635;&#x627; &#x644;&#x62D;&#x64A;&#x6BA; &#x6A9;&#x631; &#x627; &#x645; &#x6A9;&#x6D2; &#x62F;&#x644;&#x686;&#x633;&#x67E; &#x627;&#x648;&#x631; &#x627;&#x641;&#x631; &#x648;&#x630; &#x648;&#x627; &#x642;&#x639;&#x627; &#x62A;</subfield>
  </datafield>
  <datafield tag="260" ind1=" " ind2=" ">
    <subfield code="a">&#x646;&#x626; &#x62F;&#x6BE;&#x644;&#x6CC;</subfield>
    <subfield code="b"> &#x627; &#x631; &#x64A;&#x628; &#x67E;&#x628;&#x644;&#x64A;&#x6A9;&#x64A;&#x634;&#x646;&#x632;</subfield>
    <subfield code="c">2011</subfield>
  </datafield>
  <datafield tag="270" ind1=" " ind2=" ">
    <subfield code="a">1542&#x60C;&#x67E;&#x679;&#x648; &#x62F;&#x6CC; &#x6C1;&#x627; &#x624;&#x633; &#x62F; &#x631; &#x64A;&#x627; &#x6AF;&#x646;&#x62C;</subfield>
    <subfield code="b">&#x646;&#x626; &#x62F;&#x6BE;&#x644;&#x6CC;</subfield>
    <subfield code="e">110002</subfield>
  </datafield>
  <datafield tag="300" ind1=" " ind2=" ">
    <subfield code="a">280&#x635;</subfield>
    <subfield code="c">20 Cm.(Pb)             </subfield>
  </datafield>
  <datafield tag="942" ind1=" " ind2=" ">
    <subfield code="2">ddc</subfield>
    <subfield code="c">UR</subfield>
    <subfield code="h">&#x6A9;</subfield>
    <subfield code="m">&#x635; &#x627; &#x644;</subfield>
  </datafield>
  <datafield tag="999" ind1=" " ind2=" ">
    <subfield code="c">69871</subfield>
    <subfield code="d">69871</subfield>
  </datafield>
  <datafield tag="952" ind1=" " ind2=" ">
    <subfield code="0">0</subfield>
    <subfield code="1">0</subfield>
    <subfield code="4">0</subfield>
    <subfield code="7">0</subfield>
    <subfield code="8">FIC</subfield>
    <subfield code="a">L</subfield>
    <subfield code="b">L</subfield>
    <subfield code="d">2012-09-11</subfield>
    <subfield code="e">Allied Pub./B No2012/cr/01/dt.30-03-2012/Order No/DPL/BPPD/01/2011-12/Dt.20.03.2012</subfield>
    <subfield code="g">130.00</subfield>
    <subfield code="l">1</subfield>
    <subfield code="o">&#x6A9; &#x635; &#x627; &#x644;</subfield>
    <subfield code="p">B-472428</subfield>
    <subfield code="r">2018-04-26 00:00:00</subfield>
    <subfield code="s">2018-04-18</subfield>
    <subfield code="t">1</subfield>
    <subfield code="v">130.00</subfield>
    <subfield code="w">2012-09-11</subfield>
    <subfield code="y">UR</subfield>
  </datafield>
  <datafield tag="952" ind1=" " ind2=" ">
    <subfield code="0">0</subfield>
    <subfield code="1">0</subfield>
    <subfield code="4">0</subfield>
    <subfield code="7">0</subfield>
    <subfield code="8">FIC</subfield>
    <subfield code="a">BL1</subfield>
    <subfield code="b">BL1</subfield>
    <subfield code="d">2012-09-11</subfield>
    <subfield code="e">Allied Pub./B No2012/cr/01/dt.30-03-2012/Order No/DPL/BPPD/01/2011-12/Dt.20.03.2012</subfield>
    <subfield code="g">130.00</subfield>
    <subfield code="l">0</subfield>
    <subfield code="o">&#x6A9; &#x635; &#x627; &#x644;</subfield>
    <subfield code="p">B-472429</subfield>
    <subfield code="r">2012-09-11 00:00:00</subfield>
    <subfield code="t">1</subfield>
    <subfield code="v">130.00</subfield>
    <subfield code="w">2012-09-11</subfield>
    <subfield code="y">UR</subfield>
  </datafield>
  <datafield tag="952" ind1=" " ind2=" ">
    <subfield code="0">0</subfield>
    <subfield code="1">0</subfield>
    <subfield code="4">0</subfield>
    <subfield code="7">0</subfield>
    <subfield code="8">FIC</subfield>
    <subfield code="a">BL3</subfield>
    <subfield code="b">BL3</subfield>
    <subfield code="d">2012-09-11</subfield>
    <subfield code="e">Allied Pub./B No2012/cr/01/dt.30-03-2012/Order No/DPL/BPPD/01/2011-12/Dt.20.03.2012</subfield>
    <subfield code="g">130.00</subfield>
    <subfield code="l">0</subfield>
    <subfield code="o">&#x6A9; &#x635; &#x627; &#x644;</subfield>
    <subfield code="p">B-472430</subfield>
    <subfield code="r">2012-09-11 00:00:00</subfield>
    <subfield code="t">1</subfield>
    <subfield code="w">2012-09-11</subfield>
    <subfield code="y">UR</subfield>
  </datafield>
  <datafield tag="952" ind1=" " ind2=" ">
    <subfield code="0">0</subfield>
    <subfield code="1">0</subfield>
    <subfield code="4">0</subfield>
    <subfield code="7">0</subfield>
    <subfield code="8">FIC</subfield>
    <subfield code="a">BL4</subfield>
    <subfield code="b">BL4</subfield>
    <subfield code="d">2012-09-11</subfield>
    <subfield code="e">Allied Pub./B No2012/cr/01/dt.30-03-2012/Order No/DPL/BPPD/01/2011-12/Dt.20.03.2012</subfield>
    <subfield code="g">130.00</subfield>
    <subfield code="l">0</subfield>
    <subfield code="o">&#x6A9; &#x635; &#x627; &#x644;</subfield>
    <subfield code="p">B-472431</subfield>
    <subfield code="r">2012-09-11 00:00:00</subfield>
    <subfield code="t">1</subfield>
    <subfield code="v">130.00</subfield>
    <subfield code="w">2012-09-11</subfield>
    <subfield code="y">UR</subfield>
  </datafield>
  <datafield tag="952" ind1=" " ind2=" ">
    <subfield code="0">0</subfield>
    <subfield code="1">0</subfield>
    <subfield code="4">0</subfield>
    <subfield code="7">0</subfield>
    <subfield code="8">FIC</subfield>
    <subfield code="a">M</subfield>
    <subfield code="b">M</subfield>
    <subfield code="d">2012-10-01</subfield>
    <subfield code="e">Allied Pub./7/41/121/20.03.12/cr/02/17.04.12/19.06.12</subfield>
    <subfield code="g">130.00</subfield>
    <subfield code="l">0</subfield>
    <subfield code="o">&#x6A9; &#x635; &#x627; &#x644;</subfield>
    <subfield code="p">B-483278</subfield>
    <subfield code="r">2012-10-01 00:00:00</subfield>
    <subfield code="t">1</subfield>
    <subfield code="v">130.00</subfield>
    <subfield code="w">2012-10-01</subfield>
    <subfield code="y">UR</subfield>
  </datafield>
</record>
